000 00673nam a22002417a 4500
003 UA-OsUOA
001 52871
007 ta
008 20080305b un ||||| |||| 00| 0 ukr d
100 _aУсач Б. Ф.
090 _a657.6(075.8)
_bУ74
942 _cBK
040 _aUA-OsUOA
_bukr
_cUA-OsUOA
_dUA-OsUOA
245 _aКонтроль і ревізія
_bпідручник
300 _a263 с.
955 _a2
041 _aukr
080 _a657.6(075.8)
020 _a978-966-346-419-0
260 _aК.
_bЗнання
_c2007
650 7 _a657 Бухгалтерія. Бухгалтерський облік. Рахівництво
_2UDC
999 _c338955
_d338955